Politics and vision : (Record no. 20516)
[ view plain ]
| 000 -LEADER | |
|---|---|
| fixed length control field | 01054cam a22003015a 4500 |
| 001 - CONTROL NUMBER | |
| control field | 013354643 |
| 003 - CONTROL NUMBER IDENTIFIER | |
| control field | OSt |
| 005 - DATE AND TIME OF LATEST TRANSACTION | |
| control field | 20170424115211.0 |
| 008 - FIXED-LENGTH DATA ELEMENTS--GENERAL INFORMATION | |
| fixed length control field | 051007t2004 njua frb 001 0 eng d |
| 020 ## - INTERNATIONAL STANDARD BOOK NUMBER | |
| International Standard Book Number | 0691126275 (pbk.) |
| 020 ## - INTERNATIONAL STANDARD BOOK NUMBER | |
| International Standard Book Number | 9780691174051 |
| 040 ## - CATALOGING SOURCE | |
| Original cataloging agency | StDuBDS |
| Language of cataloging | eng |
| Modifying agency | EG-ScBUE |
| -- | EG-ScBUE |
| 082 04 - DEWEY DECIMAL CLASSIFICATION NUMBER | |
| Classification number | 320.9 |
| Item number | WOL |
| Edition number | 22 |
| 100 1# - MAIN ENTRY--PERSONAL NAME | |
| Personal name | Wolin, Sheldon S. |
| 9 (RLIN) | 38850 |
| 245 10 - TITLE STATEMENT | |
| Title | Politics and vision : |
| Remainder of title | continuity and innovation in Western political thought / |
| Statement of responsibility, etc | Sheldon S. Wolin ; forward by Wendy Brown. |
| 250 ## - EDITION STATEMENT | |
| Edition statement | Expanded ed. |
| 260 ## - PUBLICATION, DISTRIBUTION, ETC. (IMPRINT) | |
| Place of publication, distribution, etc | Princeton ; |
| -- | Woodstock : |
| Name of publisher, distributor, etc | Princeton University Press, |
| Date of publication, distribution, etc | c.2004. |
| 300 ## - PHYSICAL DESCRIPTION | |
| Extent | xxiv, 761 p. ; |
| Dimensions | 24 cm. |
| 500 ## - GENERAL NOTE | |
| General note | Index : p. 741-761. |
| 504 ## - BIBLIOGRAPHY, ETC. NOTE | |
| Bibliography, etc | Bibliography : p. 607-739. |
| 650 #7 - SUBJECT ADDED ENTRY--TOPICAL TERM | |
| Topical term or geographic name as entry element | Political science |
| General subdivision | History. |
| Source of heading or term | BUEsh |
| 9 (RLIN) | 9516 |
| 650 #0 - SUBJECT ADDED ENTRY--TOPICAL TERM | |
| Topical term or geographic name as entry element | Political science |
| General subdivision | Philosophy |
| -- | History. |
| Source of heading or term | BUEsh |
| 651 ## - SUBJECT ADDED ENTRY--GEOGRAPHIC NAME | |
| Source of heading or term | BUEsh |
| 653 ## - INDEX TERM--UNCONTROLLED | |
| Resource For college | BAEPS, Political Science |
| Arrived date list | April2015 |
| -- | December2015 |
| -- | April2017 |
| 655 ## - INDEX TERM--GENRE/FORM | |
| Form subdivision | Reading book |
| -- | 34232 |
| 700 1# - ADDED ENTRY--PERSONAL NAME | |
| Personal name | Brown, Wendy, |
| Relator term | author of introduction, etc. |
| 942 ## - ADDED ENTRY ELEMENTS (KOHA) | |
| Source of classification or shelving scheme | Dewey Decimal Classification |
| Call number prefix | 320.9 WOL |
| Withdrawn status | Lost status | Source of classification or shelving scheme | Damaged status | Not for loan | Koha collection | Home library | Current library | Shelving location | Date acquired | Source of acquisition | Cost, normal purchase price | Serial Enumeration / chronology | Total Checkouts | Full call number | Barcode | Date last seen | Cost, replacement price | Koha item type | Total Renewals | Date last borrowed | Checked out |
|---|---|---|---|---|---|---|---|---|---|---|---|---|---|---|---|---|---|---|---|---|---|
| Dewey Decimal Classification | Baccah | Central Library | Central Library | First floor | 13/08/2015 | Purchase | 276.00 | 21782 | 320.9 WOL | 000039149 | 15/07/2025 | 345.00 | Book - Borrowing | ||||||||
| Dewey Decimal Classification | Baccah | Central Library | Central Library | First floor | 24/04/2017 | Purchase | 1 | 320.9 WOL | 000041690 | 15/07/2025 | Book - Borrowing | 2 | 09/12/2020 | ||||||||
| Dewey Decimal Classification | Baccah | Central Library | Central Library | First floor | 24/04/2017 | Purchase | 320.9 WOL | 000041691 | 15/07/2025 | Book - Borrowing | |||||||||||
| Dewey Decimal Classification | Baccah | Central Library | Central Library | First floor | 24/04/2017 | Purchase | 320.9 WOL | 000041692 | 15/07/2025 | Book - Borrowing | |||||||||||
| Dewey Decimal Classification | Baccah | Central Library | Central Library | First floor | 24/04/2017 | Purchase | 1 | 320.9 WOL | 000041693 | 17/02/2022 | Book - Borrowing | 17 | 17/02/2022 | 28/05/2022 |